| 000 | 01663 a2200205 4500 | ||
|---|---|---|---|
| 003 | Nust | ||
| 005 | 20221011130224.0 | ||
| 010 | _a 85060981 | ||
| 020 | _a0070105197 | ||
| 040 | _cNust | ||
| 082 | 0 | 0 | _a540,MIL |
| 100 | 1 |
_aMills, Jerry _999890 |
|
| 245 | 1 | 0 |
_aStudent Solutions manual to accompany Raymond Chang Chemistry / _cJerry Mills and Raymond Chang |
| 250 | _a4th ed. | ||
| 260 |
_aLexington, Mass. : _bD.C. Heath, _cc1991. |
||
| 300 |
_axix, 1023, 60, 16 p. : _bill. (some col.) ; _c27 cm. |
||
| 505 | _achemical foundations(Page-1), Atoms, Molecules and Ions (Page-15), Chemical Reactions I: Chemical Equations and Reactions in Aqueous Solution (Page-38), Chemical Reactions II: Mass Relationships (Page-53), The Gaseous State (Page-79), Thermo chemistry (Page-96), Quantum Theory and The Electronic Structure of Atoms (Page-110), Periodic Relationships Among the Elements (Page-122), Chemical Bounding Basic Concepts (Page-133), Chemical Bounding II: Molecular Geometry and Molecular Orbitals (Page-145), Intermolecular Forces and Liquids and Solids (Page-162), Physical Properties of Solutions (Page-178), Chemical Kinetics (Page-199), Chemical Equilibrium (Page-216), Acids Base Equilibria (Page-247), Solubility Equilibria (Page-271), Entropy Free Energy and Equilibrium (Page-285), Electrochemistry (Page-297), Metallurgy and the Chemistry of Metals (Page-319), Nonmetallic Elements and their Compounds (Page-335), Transition Metal Chemistry and Coordination Compounds (Page-355), Nuclear Chemistry (Page-364), Organic Polymers Synthetic and Natural (Page-386), Industrial Chemistry (Page-390). | ||
| 650 | 0 | _aChemistry. | |
| 942 |
_2ddc _cBK |
||
| 999 |
_c183388 _d183388 |
||